[Event "Astana Open-A 2019"]
[Site "Nur-Sultan"]
[Date "2019.07.12"]
[Round "4.3"]
[White "Evgeniy, Pak"]
[Black "Farrukh, Amanatov"]
[Result "0-1"]
[WhiteElo "2402"]
[BlackElo "2632"]
[Annotator "ChessBase"]
[PlyCount "132"]
[EventDate "2019.07.11"]
[EventCountry "KAZ"]
[SourceTitle "playchess.com"]
[Source "ChessBase"]
[SourceQuality "1"]
[TimeControl "5400+30"]

1. d4 {[%emt 0:13:33]} Nf6 {[%emt 0:00:00]} 2. c4 {[%emt 0:00:11]} g6 {[%emt 0:00:00]} 3. Nc3 {[%emt 0:00:13]} Bg7 {[%emt 0:00:00]} 4. e4 {[%emt 0:00:05]} d6 {[%emt 0:00:00]} 5. h3 {[%emt 0:00:17]} O-O {[%emt 0:00:19]} 6. Be3 {[%emt 0:00:04]} e5 {[%emt 0:04:13]} 7. d5 {[%emt 0:00:14]} a5 {[%emt 0:00:03]} 8. g4 {[%emt 0:00:20]} Na6 {[%emt 0:00:06]} 9. Nge2 {[%emt 0:00:20]} Nd7 {[%emt 0:05:56]} 10. Qd2 {[%emt 0:01:14]} Ndc5 {[%emt 0:00:06]} 11. Ng3 {[%emt 0:00:31]} c6 {[%emt 0:00:10]} 12. O-O-O {[%emt 0:07:05]} cxd5 {[%emt 0:12:09]} 13. Qxd5 {[%emt 0:04:20]} Be6 {[%emt 0:31:31]} 14. Qxd6 {[%emt 0:00:59]} Qc8 {[%emt 0:00:04]} 15. Kb1 {[%emt 0:07:56]} Qc6 {[%emt 0:02:42]} 16. Qd2 {[%emt 0:02:40]} Nb4 {[%emt 0:02:31]} 17. Nd5 {[%emt 0:01:38]} Qa4 {[%emt 0:04:41]} 18. Nc3 {[%emt 0:01:30]} Qc6 {[%emt 0:00:05]} 19. Be2 {[%emt 0:01:07]} Rfc8 {[%emt 0:06:24]} 20. Rc1 {[%emt 0:05:48]} Bf8 {[%emt 0:00:56]} 21. Rhd1 {[%emt 0:02:10]} Qe8 {[%emt 0:02:33]} 22. Bg5 {[%emt 0:02:15]} Be7 {[%emt 0:04:44]} 23. Bxe7 {[%emt 0:04:10]} Qxe7 {[%emt 0:04:34]} 24. g5 {[%emt 0:00:05]} Nc6 {[%emt 0:05:23]} 25. Nd5 {[%emt 0:02:12]} Bxd5 {[%emt 0:00:10]} 26. exd5 {[%emt 0:00:04]} Nd4 {[%emt 0:00:06]} 27. Bg4 {[%emt 0:00:20]} Re8 {[%emt 0:04:57]} 28. Re1 {[%emt 0:02:35]} Qd6 {[%emt 0:00:40]} 29. Ne4 {[%emt 0:00:26]} Nxe4 {[%emt 0:00:16]} 30. Rxe4 {[%emt 0:00:01]} h5 {[%emt 0:00:52]} 31. gxh6 {[%emt 0:08:31]} f5 {[%emt 0:00:09]} 32. Rxd4 {[%emt 0:00:02]} exd4 {[%emt 0:00:11]} 33. Bxf5 {[%emt 0:00:08]} Qf6 {[%emt 0:00:38]} 34. Bd3 {[%emt 0:00:20]} Kh8 {[%emt 0:00:42]} 35. Rg1 {[%emt 0:00:43]} Rg8 {[%emt 0:00:04]} 36. Be4 {[%emt 0:02:57]} Rac8 {[%emt 0:00:19]} 37. Rc1 {[%emt 0:01:38]} b6 {[%emt 0:00:15]} 38. f3 {[%emt 0:00:06]} Rc7 {[%emt 0:00:49]} 39. h4 {[%emt 0:00:27]} Rgc8 {[%emt 0:02:47]} 40. Qg5 {[%emt 0:00:09]} Rf8 {[%emt 0:02:43]} 41. Qg3 {[%emt 0:03:47]} Rh7 {[%emt 0:00:42]} 42. h5 {[%emt 0:00:55]} gxh5 {[%emt 0:00:46]} 43. Bxh7 {[%emt 0:00:27]} Kxh7 {[%emt 0:00:01]} 44. Re1 {[%emt 0:08:19]} h4 {[%emt 0:02:51]} 45. Qg7+ {[%emt 0:05:32]} Qxg7 {[%emt 0:00:02]} 46. hxg7 {[%emt 0:00:05]} Kxg7 {[%emt 0:00:46]} 47. Re4 {[%emt 0:00:06]} Rh8 {[%emt 0:01:44]} 48. Rxd4 {[%emt 0:00:10]} h3 {[%emt 0:00:03]} 49. Rd1 {[%emt 0:00:58]} h2 {[%emt 0:00:02]} 50. Rh1 {[%emt 0:00:04]} Kf6 {[%emt 0:00:05]} 51. d6 {[%emt 0:00:42]} Ke6 {[%emt 0:00:19]} 52. Kc2 {[%emt 0:00:10]} Kxd6 {[%emt 0:00:06]} 53. Kd3 {[%emt 0:00:06]} Ke5 {[%emt 0:02:51]} 54. Ke3 {[%emt 0:00:09]} Rh4 {[%emt 0:00:22]} 55. b3 {[%emt 0:00:16]} Rh3 {[%emt 0:00:44]} 56. a3 {[%emt 0:00:32]} Rh8 {[%emt 0:00:25]} 57. Kf2 {[%emt 0:02:20]} Kd4 {[%emt 0:00:14]} 58. Kg2 {[%emt 0:03:36]} Kc3 {[%emt 0:00:11]} 59. f4 {[%emt 0:02:14]} Kxb3 {[%emt 0:00:15]} 60. f5 {[%emt 0:00:59]} Kxc4 {[%emt 0:01:10]} 61. Kf3 {[%emt 0:02:35]} b5 {[%emt 0:00:22]} 62. Kg4 {[%emt 0:00:17]} Kb3 {[%emt 0:00:15]} 63. Kg5 {[%emt 0:00:20]} Kxa3 {[%emt 0:00:06]} 64. Kg6 {[%emt 0:00:17]} b4 {[%emt 0:00:11]} 65. Kg7 {[%emt 0:00:34]} Rb8 {[%emt 0:01:08]} 66. Rxh2 {[%emt 0:00:06]} b3 {[%emt 0:00:04]} 0-1

[Event "Astana Open-A 2019"]
[Site "Nur-Sultan"]
[Date "2019.07.12"]
[Round "4.4"]
[White "Vadim, Malakhatko"]
[Black "Shomoev, Anton"]
[Result "1-0"]
[WhiteElo "2462"]
[BlackElo "2559"]
[Annotator "ChessBase"]
[PlyCount "165"]
[EventDate "2019.07.11"]
[EventCountry "KAZ"]
[SourceTitle "playchess.com"]
[Source "ChessBase"]
[SourceQuality "1"]
[TimeControl "5400+30"]

1. c4 {[%emt 0:00:00]} g6 {[%emt 0:00:00]} 2. d4 {[%emt 0:00:00]} Nf6 {[%emt 0:00:00]} 3. Nc3 {[%emt 0:00:00]} Bg7 {[%emt 0:00:00]} 4. e4 {[%emt 0:00:00]} d6 {[%emt 0:00:00]} 5. Nf3 {[%emt 0:00:03]} O-O {[%emt 0:00:01]} 6. Be2 {[%emt 0:00:07]} e5 {[%emt 0:00:04]} 7. O-O {[%emt 0:00:08]} c6 {[%emt 0:00:03]} 8. Re1 {[%emt 0:00:34]} exd4 {[%emt 0:00:07]} 9. Nxd4 {[%emt 0:00:05]} Re8 {[%emt 0:00:04]} 10. Bf1 {[%emt 0:03:38]} Qb6 {[%emt 0:01:05]} 11. Na4 {[%emt 0:11:20]} Qa5 {[%emt 0:11:36]} 12. Nc3 {[%emt 0:00:59]} Qb6 {[%emt 0:05:43]} 13. Na4 {[%emt 0:00:07]} Qa5 {[%emt 0:01:39]} 14. Nc3 {[%emt 0:00:06]} Ng4 {[%emt 0:03:22]} 15. h3 {[%emt 0:07:18]} Qc5 {[%emt 0:04:41]} 16. hxg4 {[%emt 0:00:06]} Bxd4 {[%emt 0:01:03]} 17. Be3 {[%emt 0:00:10]} Bxe3 {[%emt 0:00:04]} 18. Rxe3 {[%emt 0:00:05]} Nd7 {[%emt 0:00:22]} 19. Be2 {[%emt 0:03:13]} Nf6 {[%emt 0:06:44]} 20. g5 {[%emt 0:02:51]} Qxg5 {[%emt 0:15:35]} 21. Qxd6 {[%emt 0:00:07]} Ng4 {[%emt 0:00:16]} 22. Bxg4 {[%emt 0:10:21]} Bxg4 {[%emt 0:00:40]} 23. e5 {[%emt 0:01:11]} Bf5 {[%emt 0:07:04]} 24. Rae1 {[%emt 0:10:06]} Rad8 {[%emt 0:10:16]} 25. Qc5 {[%emt 0:00:48]} Qf4 {[%emt 0:05:13]} 26. Ne2 {[%emt 0:23:07]} Qh4 {[%emt 0:01:49]} 27. b3 {[%emt 0:06:01]} Qe7 {[%emt 0:03:42]} 28. Qxa7 {[%emt 0:03:16]} Ra8 {[%emt 0:02:15]} 29. Qd4 {[%emt 0:00:06]} Rxa2 {[%emt 0:00:39]} 30. Ng3 {[%emt 0:00:05]} Qg5 {[%emt 0:10:57]} 31. Qb6 {[%emt 0:05:12]} Qf4 {[%emt 0:01:00]} 32. Ne2 {[%emt 0:00:59]} Qh4 {[%emt 0:01:55]} 33. Qxb7 {[%emt 0:00:53]} Re6 {[%emt 0:03:08]} 34. Qb6 {[%emt 0:04:28]} g5 {[%emt 0:02:16]} 35. Ng3 {[%emt 0:03:35]} Bg6 {[%emt 0:00:53]} 36. Qd8+ {[%emt 0:01:37]} Kg7 {[%emt 0:00:02]} 37. Rf3 {[%emt 0:00:20]} Qg4 {[%emt 0:00:38]} 38. Nf1 {[%emt 0:02:35]} h6 {[%emt 0:01:54]} 39. Ne3 {[%emt 0:01:09]} Qh4 {[%emt 0:00:25]} 40. Nf5+ {[%emt 0:02:17]} Bxf5 {[%emt 0:00:06]} 41. Rxf5 {[%emt 0:00:01]} Qg4 {[%emt 0:00:29]} 42. Rf3 {[%emt 0:00:07]} Ra7 {[%emt 0:01:06]} 43. Qd3 {[%emt 0:01:13]} Rae7 {[%emt 0:00:44]} 44. Re4 {[%emt 0:00:23]} Qh5 {[%emt 0:00:01]} 45. Rf5 {[%emt 0:00:39]} Ra7 {[%emt 0:00:42]} 46. Re1 {[%emt 0:00:06]} Qg4 {[%emt 0:00:26]} 47. Rf3 {[%emt 0:00:40]} c5 {[%emt 0:01:41]} 48. Qd5 {[%emt 0:00:18]} Qd4 {[%emt 0:00:50]} 49. Rd3 {[%emt 0:01:02]} Ra1 {[%emt 0:00:30]} 50. Rxd4 {[%emt 0:00:24]} Rxe1+ {[%emt 0:00:01]} 51. Kh2 {[%emt 0:00:05]} cxd4 {[%emt 0:00:04]} 52. Qxd4 {[%emt 0:00:08]} R6xe5 {[%emt 0:00:05]} 53. g3 {[%emt 0:00:25]} f6 {[%emt 0:00:45]} 54. b4 {[%emt 0:00:13]} h5 {[%emt 0:01:20]} 55. b5 {[%emt 0:00:20]} Rb1 {[%emt 0:00:27]} 56. Qd7+ {[%emt 0:01:22]} Kh6 {[%emt 0:00:02]} 57. Qc6 {[%emt 0:00:16]} Rf5 {[%emt 0:00:19]} 58. Kg2 {[%emt 0:00:33]} Rb2 {[%emt 0:01:18]} 59. Qb6 {[%emt 0:00:03]} Kg6 {[%emt 0:00:38]} 60. Qd4 {[%emt 0:00:09]} Rb3 {[%emt 0:00:31]} 61. b6 {[%emt 0:00:15]} Re5 {[%emt 0:00:29]} 62. c5 {[%emt 0:00:21]} g4 {[%emt 0:00:30]} 63. Qc4 {[%emt 0:01:12]} Rb2 {[%emt 0:00:28]} 64. c6 {[%emt 0:00:27]} Rxb6 {[%emt 0:00:05]} 65. c7 {[%emt 0:00:52]} Re8 {[%emt 0:00:04]} 66. Qd3+ {[%emt 0:00:29]} f5 {[%emt 0:01:14]} 67. Qd7 {[%emt 0:00:13]} Rg8 {[%emt 0:00:39]} 68. c8=Q {[%emt 0:00:13]} Rxc8 {[%emt 0:00:04]} 69. Qxc8 {[%emt 0:00:05]} Rf6 {[%emt 0:00:32]} 70. Qg8+ {[%emt 0:00:46]} Kh6 {[%emt 0:00:01]} 71. f4 {[%emt 0:00:15]} gxf3+ {[%emt 0:00:06]} 72. Kxf3 {[%emt 0:00:04]} Rg6 {[%emt 0:01:44]} 73. Qh8+ {[%emt 0:00:24]} Kg5 {[%emt 0:00:01]} 74. Qd8+ {[%emt 0:00:07]} Kh6 {[%emt 0:00:07]} 75. Kf4 {[%emt 0:00:15]} Rg4+ {[%emt 0:00:25]} 76. Kxf5 {[%emt 0:00:28]} Kh7 {[%emt 0:00:10]} 77. Qd3 {[%emt 0:01:08]} Rg6 {[%emt 0:00:52]} 78. Qc3 {[%emt 0:00:31]} Rg7 {[%emt 0:01:02]} 79. Kf6 {[%emt 0:00:20]} Rg4 {[%emt 0:00:58]} 80. Qe5 {[%emt 0:01:06]} Kh6 {[%emt 0:00:22]} 81. Kf7 {[%emt 0:00:34]} h4 {[%emt 0:00:38]} 82. gxh4 {[%emt 0:00:51]} Rg2 {[%emt 0:00:36]} 83. Qh8# {[%emt 0:00:08]} 1-0

[Event "Astana Open-A 2019"]
[Site "Nur-Sultan"]
[Date "2019.07.12"]
[Round "4.5"]
[White "Dmitry, Khegai"]
[Black "Rakhimzhan, Alen"]
[Result "1-0"]
[WhiteElo "2503"]
[BlackElo "2304"]
[Annotator "ChessBase"]
[PlyCount "53"]
[EventDate "2019.07.11"]
[EventCountry "KAZ"]
[SourceTitle "playchess.com"]
[Source "ChessBase"]
[SourceQuality "1"]
[TimeControl "5400+30"]

1. e4 {[%emt 0:05:24]} e5 {[%emt 0:01:05]} 2. Nf3 {[%emt 0:00:04]} Nc6 {[%emt 0:00:09]} 3. Bc4 {[%emt 0:00:04]} Bc5 {[%emt 0:00:08]} 4. c3 {[%emt 0:00:04]} Nf6 {[%emt 0:00:07]} 5. d3 {[%emt 0:00:03]} d6 {[%emt 0:00:26]} 6. Bb3 {[%emt 0:00:12]} a6 {[%emt 0:00:14]} 7. Nbd2 {[%emt 0:00:07]} h6 {[%emt 0:00:08]} 8. Nf1 {[%emt 0:00:15]} Ba7 {[%emt 0:00:09]} 9. Ng3 {[%emt 0:00:05]} O-O {[%emt 0:00:08]} 10. O-O {[%emt 0:00:06]} Be6 {[%emt 0:00:21]} 11. Bc2 {[%emt 0:00:06]} Re8 {[%emt 0:00:17]} 12. h3 {[%emt 0:00:56]} d5 {[%emt 0:00:22]} 13. exd5 {[%emt 0:00:04]} Bxd5 {[%emt 0:00:44]} 14. Re1 {[%emt 0:02:56]} Qd7 {[%emt 0:06:19]} 15. Bd2 {[%emt 0:00:05]} Rad8 {[%emt 0:07:38]} 16. b4 {[%emt 0:04:16]} Be6 {[%emt 0:12:03]} 17. Nxe5 {[%emt 0:09:35]} Nxe5 {[%emt 0:00:22]} 18. Rxe5 {[%emt 0:00:04]} Bxh3 {[%emt 0:03:53]} 19. Rxe8+ {[%emt 0:00:05]} Rxe8 {[%emt 0:00:05]} 20. gxh3 {[%emt 0:01:41]} Qxh3 {[%emt 0:00:06]} 21. d4 {[%emt 0:00:36]} Ng4 {[%emt 0:00:08]} 22. Qf3 {[%emt 0:07:22]} Qh2+ {[%emt 0:42:40]} 23. Kf1 {[%emt 0:00:06]} Qh4 {[%emt 0:00:28]} 24. Qg2 {[%emt 0:02:43]} g6 {[%emt 0:00:33]} 25. Re1 {[%emt 0:00:43]} Rxe1+ {[%emt 0:00:45]} 26. Bxe1 {[%emt 0:00:59]} c6 {[%emt 0:00:21]} 27. Nf5 {[%emt 0:06:25]} 1-0

[Event "Astana Open-A 2019"]
[Site "Nur-Sultan"]
[Date "2019.07.12"]
[Round "4.6"]
[White "Nogerbek, Kazybek"]
[Black "Kostenko, Petr"]
[Result "1/2-1/2"]
[WhiteElo "2275"]
[BlackElo "2471"]
[Annotator "ChessBase"]
[PlyCount "83"]
[EventDate "2019.07.11"]
[EventCountry "KAZ"]
[SourceTitle "playchess.com"]
[Source "ChessBase"]
[SourceQuality "1"]
[TimeControl "5400+30"]

1. e4 {[%emt 0:00:00]} c6 {[%emt 0:00:00]} 2. Nf3 {[%emt 0:01:37]} d5 {[%emt 0:01:00]} 3. exd5 {[%emt 0:00:06]} cxd5 {[%emt 0:00:03]} 4. Ne5 {[%emt 0:00:06]} Nc6 {[%emt 0:06:36]} 5. d4 {[%emt 0:00:15]} e6 {[%emt 0:04:53]} 6. Bb5 {[%emt 0:02:08]} Qc7 {[%emt 0:05:38]} 7. O-O {[%emt 0:00:29]} Bd6 {[%emt 0:00:19]} 8. Re1 {[%emt 0:01:07]} Nge7 {[%emt 0:01:28]} 9. c4 {[%emt 0:03:56]} O-O {[%emt 0:03:09]} 10. cxd5 {[%emt 0:03:44]} Nxd5 {[%emt 0:00:16]} 11. Bxc6 {[%emt 0:00:25]} bxc6 {[%emt 0:00:04]} 12. Nd2 {[%emt 0:00:46]} c5 {[%emt 0:15:09]} 13. Ne4 {[%emt 0:03:18]} cxd4 {[%emt 0:00:20]} 14. Nxd6 {[%emt 0:00:19]} Qxd6 {[%emt 0:00:04]} 15. Qxd4 {[%emt 0:00:16]} Bb7 {[%emt 0:06:01]} 16. b3 {[%emt 0:02:58]} f6 {[%emt 0:02:03]} 17. Nc4 {[%emt 0:01:32]} Qa6 {[%emt 0:00:38]} 18. Ne3 {[%emt 0:02:07]} Rac8 {[%emt 0:11:58]} 19. Nxd5 {[%emt 0:03:23]} Bxd5 {[%emt 0:00:04]} 20. Be3 {[%emt 0:00:09]} Rc7 {[%emt 0:00:15]} 21. Rac1 {[%emt 0:04:05]} Rxc1 {[%emt 0:09:09]} 22. Rxc1 {[%emt 0:00:10]} Qxa2 {[%emt 0:00:22]} 23. Qxa7 {[%emt 0:00:08]} Qxb3 {[%emt 0:01:53]} 24. h3 {[%emt 0:00:30]} h6 {[%emt 0:02:35]} 25. Qb6 {[%emt 0:07:07]} Qxb6 {[%emt 0:02:00]} 26. Bxb6 {[%emt 0:00:09]} Rb8 {[%emt 0:00:04]} 27. Be3 {[%emt 0:00:40]} Rb4 {[%emt 0:01:15]} 28. Rc7 {[%emt 0:01:09]} g5 {[%emt 0:02:12]} 29. Bd2 {[%emt 0:05:33]} Rb1+ {[%emt 0:00:15]} 30. Rc1 {[%emt 0:00:12]} Rb7 {[%emt 0:00:29]} 31. h4 {[%emt 0:05:25]} gxh4 {[%emt 0:01:19]} 32. Bxh6 {[%emt 0:01:08]} Kh7 {[%emt 0:00:20]} 33. Bf8 {[%emt 0:00:40]} Kg6 {[%emt 0:00:20]} 34. Kh2 {[%emt 0:00:22]} Kg5 {[%emt 0:04:10]} 35. Rd1 {[%emt 0:01:50]} Rb5 {[%emt 0:02:53]} 36. Rd3 {[%emt 0:01:18]} Rb1 {[%emt 0:01:10]} 37. Bc5 {[%emt 0:01:39]} Rb2 {[%emt 0:02:53]} 38. Be3+ {[%emt 0:00:55]} Kf5 {[%emt 0:00:44]} 39. Rd4 {[%emt 0:00:22]} Rb7 {[%emt 0:01:12]} 40. Rxh4 {[%emt 0:00:17]} e5 {[%emt 0:00:18]} 41. Rh6 {[%emt 0:01:12]} Rf7 {[%emt 0:00:27]} 42. Bb6 {[%emt 0:01:20]} 1/2-1/2

[Event "Astana Open-A 2019"]
[Site "Nur-Sultan"]
[Date "2019.07.13"]
[Round "5.1"]
[White "Erigaisi Arjun"]
[Black "Sivuk, Vitaly"]
[Result "0-1"]
[WhiteElo "2531"]
[BlackElo "2546"]
[Annotator "TA"]
[PlyCount "70"]
[EventDate "2019.07.11"]
[EventCountry "KAZ"]
[SourceTitle "playchess.com"]
[Source "ChessBase"]
[SourceQuality "1"]

{[%evp 17,70,6,25,7,18,2,0,0,0,-7,0,-16,-22,-11,-4,0,-8,-12,27,-20,-20,-146,-151,-148,-159,-181,-167,-171,-174,-224,-211,-325,-318,-318,-318,-391,-387,-391,-389,-592,-585,-816,-536,-532,-531,-512,-506,-515,-515,-514,-506,-504,-495,-584,-561]} 1. d4 e6 2. c4 Nf6 3. g3 d5 4. Bg2 Bb4+ 5. Bd2 Be7 6. Nf3 O-O 7. O-O Nbd7 8. Qc2 Ne4 9. Bf4 c6 10. Nfd2 {E08: Closed Catalan: Main Line: 7 Qc2} (10. Nc3 g5 11. Bc1 f5 12. a4 a5 13. b3 Rf7 14. Ba3 Bf6 15. Rad1 Qe8 16. Ne1 h5 17. Nxe4 dxe4 18. f3 exf3 19. Nxf3 {0-1 (50) Roiz,M (2605)-Matlakov,M (2700) St Petersburg 2018}) 10... g5 11. Be3 Nd6 $1 12. f3 {The position is equal.} f5 13. Bf2 f4 14. e4 fxe3 15. Bxe3 Nf5 16. Bf2 Bf6 17. Nb3 Nb6 {[%cal Bd7b6,Bb6c4,Bc4e3,Be3f1][%mdl 32]} 18. c5 $146 ({Predecessor:} 18. N1d2) 18... Nc4 $36 {[%mdl 2048] White must now prevent ...Nce3. White is under pressure.} 19. N1d2 (19. Re1 $11) 19... Nce3 $17 20. Qc3 Nxf1 21. Bxf1 Qc7 22. Re1 Qg7 23. Bd3 Bd7 24. Qb4 {[#]} (24. Kh1 $142) 24... a5 $1 $19 25. Qa4 (25. Nxa5 Bxd4) 25... e5 26. Bxf5 Bxf5 27. dxe5 Bxe5 28. Bd4 (28. Nd4 $142) 28... Rae8 {Black is clearly winning.} 29. Kf2 Bd3 {[#] ...Qh6 is the strong threat.} 30. Bxe5 Rxe5 31. Qd4 Rxe1 32. Qxg7+ Kxg7 33. Kxe1 Re8+ 34. Kd1 a4 35. Nd4 Kf6 {Accuracy: White = 44%, Black = 86%.} 0-1

[Event "Astana Open-A 2019"]
[Site "Nur-Sultan"]
[Date "2019.07.13"]
[Round "5.2"]
[White "Amonatov, Farrukh"]
[Black "Khegay, Dmitriy"]
[Result "1-0"]
[WhiteElo "2632"]
[BlackElo "2503"]
[Annotator "TA"]
[PlyCount "57"]
[EventDate "2019.07.11"]
[EventCountry "KAZ"]
[SourceTitle "playchess.com"]
[Source "ChessBase"]
[SourceQuality "1"]

{[%evp 9,57,21,36,37,32,31,36,36,43,24,32,26,54,45,54,22,59,72,57,68,84,87,81,89,72,58,138,153,137,108,186,214,320,320,640,610,613,568,675,747,884,964,911,908,834,701,1190,1143,1029,984]} 1. e4 e5 2. Nf3 Nc6 3. Bb5 a6 4. Ba4 b5 5. Bb3 g6 6. a4 {Threatens to win with axb5. C70: Ruy Lopez: 3...a6 4 Ba4, Norwegian and Delayed Schliemann} b4 7. d4 exd4 8. Nxd4 {White is slightly better.} Na5 9. Ba2 Bg7 10. c3 Rb8 11. O-O $1 {cxb4 is the strong threat.} Ne7 12. cxb4 (12. Bg5 {is more complex.} h6 13. Bh4 d6 14. Nd2 c5 15. N4b3) 12... Rxb4 $146 ({Predecessor:} 12... Nac6 13. Nc2 Nxb4 14. Nxb4 Rxb4 {½-½ (44) Paravyan,D (2627)-Zhigalko,A (2541) Skopje 2019}) 13. Nc2 Rxb2 14. Bxb2 Bxb2 15. Nd2 $40 {[%cal Bb1d2,Bd2e4,Be4f6][%mdl 160] White goes for the king.} Bxa1 16. Qxa1 O-O {[#]} 17. e5 $1 {[%mdl 1024] White has strong compensation.} Nf5 (17... Bb7 $1 $14) 18. Ne4 $16 Nc6 19. Qc3 Qh4 (19... Kh8 $16 {keeps fighting.}) 20. Re1 Qh6 (20... Ng7 {might work better.} 21. Nf6+ Kh8) 21. Ne3 $18 Nxe3 $2 {[#]} (21... Ncd4 22. Nxf5 (22. Qxc7 Kh8 $18) 22... Nxf5 23. Qxc7 Qh4) 22. Rxe3 {White is clearly winning.} Qf4 23. Nf6+ Kg7 24. Re4 Qf5 25. g4 Qg5 26. f4 Qh4 27. Re3 h5 28. Rh3 Nd4 29. Kf1 {Accuracy: White = 93%, Black = 40%.} ({Weaker is} 29. Rxh4 Ne2+ {[%mdl 64] Double Attack} 30. Kf2 Nxc3 $11) ({Not} 29. Qxd4 Qe1+ 30. Kg2 Qe2+ 31. Qf2 Bb7+ 32. Bd5 Bxd5+ 33. Nxd5 Qxg4+ 34. Rg3 Qd1 $18) 1-0

[Event "Astana Open-A 2019"]
[Site "Nur-Sultan"]
[Date "2019.07.13"]
[Round "5.3"]
[White "Khanin, Semen"]
[Black "Malakhatko, Vadim"]
[Result "1/2-1/2"]
[WhiteElo "2517"]
[BlackElo "2462"]
[Annotator "TA"]
[PlyCount "97"]
[EventDate "2019.07.11"]
[EventCountry "KAZ"]
[SourceTitle "playchess.com"]
[Source "ChessBase"]
[SourceQuality "1"]

{[%evp 13,97,34,24,27,43,41,32,9,21,29,26,21,21,20,25,20,29,11,4,-1,38,19,37,37,57,64,123,68,68,65,70,64,71,72,75,55,69,0,62,66,68,56,58,65,59,83,70,58,46,19,20,16,30,0,0,0,0,0,0,0,19,20,22,20,21,20,107,89,194,174,195,19,35,8,8,8,8,0,0,0,0,0,0,0,0,0]} 1. e4 e5 2. Nf3 Nf6 3. d4 Nxe4 4. Bd3 d5 5. Nxe5 Nd7 6. Nxd7 Bxd7 7. O-O Be7 8. Re1 {C43: Petroff Defence: 3 d4} (8. Nd2 Nf6 9. h3 O-O 10. Nf3 Re8 11. c3 c5 12. Be3 c4 13. Bc2 Bd6 14. Ne5 Bxe5 15. dxe5 Rxe5 {½-½ (33) Andreikin,D (2702)-Li,C (2732) China 2018}) 8... Nf6 9. c3 O-O 10. Bf4 $146 {White is slightly better.} ({Predecessor:} 10. Bg5 h6 11. Bh4 c6 12. Nd2 Re8 13. Qc2 Qc7 14. Nf3 Be6 15. Qd2 Ne4 16. Bxe4 Bxh4 17. Nxh4 dxe4 18. Rxe4 {1-0 (70) Bojkovic,N (2420)-Petronic,S (2180) Belgrade 1998}) 10... Re8 11. Nd2 c6 12. h3 g6 13. Nf3 Nh5 14. Bh2 $36 {[%mdl 2048] White is more active.} Ng7 15. g4 Ne6 16. Kg2 Bc8 17. Qd2 Bd6 18. Bg3 Bxg3 19. fxg3 Nf8 ({Black should try} 19... c5 $14) 20. Rxe8 ({Better is} 20. Rf1 $16) 20... Qxe8 $14 21. Re1 Be6 22. Qf4 Qe7 23. g5 Re8 24. Ne5 Nd7 25. Nf3 ({White should play} 25. Ng4 $14) 25... Qd8 (25... Nf8 $1 $11) 26. h4 Qb8 27. h5 Qxf4 28. gxf4 Kf8 29. Kg3 Nb6 30. b3 Nc8 31. Nh4 Nd6 32. Re5 Bd7 33. c4 dxc4 34. bxc4 b5 35. cxb5 cxb5 36. Kf2 Rxe5 (36... gxh5 {is interesting.} 37. Rd5 Ke7 38. Bxh7 Rc8 39. Re5+ Kd8) 37. fxe5 $11 {[%mdl 4096] Endgame KBN-KBN} Nc8 38. hxg6 hxg6 39. Ng2 Ne7 {[#]} (39... Nb6 $11) 40. Nf4 $1 $16 Bc6 (40... Be6 $16 {might work better.}) 41. Ke3 $18 a5 42. a3 $2 (42. Be4 $18) 42... Ke8 $11 43. Kd2 Kd7 {The position is equal.} 44. Kc3 Kc7 45. e6 fxe6 46. Nxg6 Nxg6 47. Bxg6 {[#] Threatens to win with Bh5.} Kd6 48. Bd3 Ke7 49. Bc2 {Accuracy: White = 42%, Black = 55%.} 1/2-1/2

[Event "Astana Open-A 2019"]
[Site "Nur-Sultan"]
[Date "2019.07.13"]
[Round "5.4"]
[White "Kostenko, Petr"]
[Black "Stupak, Kirill"]
[Result "1/2-1/2"]
[WhiteElo "2471"]
[BlackElo "2560"]
[Annotator "TA"]
[PlyCount "41"]
[EventDate "2019.07.11"]
[EventCountry "KAZ"]
[SourceTitle "playchess.com"]
[Source "ChessBase"]
[SourceQuality "1"]

{[%evp 13,41,11,14,16,2,14,18,27,26,15,75,65,68,52,39,20,20,20,19,0,20,20,29,18,20,18,19,15,16,0]} 1. e4 e6 2. d4 d5 3. Nc3 Bb4 4. exd5 exd5 5. Bd3 Nf6 6. Nge2 c6 7. O-O O-O 8. Ng3 {C01: French: Exchange Variation} (8. Bg5 h6 9. Bh4 Re8 10. f3 Nbd7 11. Qd2 Nf8 12. Rae1 Bd6 13. Bg3 Ng6 14. Bxd6 Qxd6 15. Bxg6 fxg6 {1-0 (39) Aronian,L (2767)-Caruana,F (2822) chess.com INT 2018}) 8... Re8 9. Nce2 Nbd7 10. c3 Bf8 11. Bg5 g6 (11... h6 $11 {remains equal.} 12. Bf4 Nb6) 12. Qd2 $146 ({Predecessor:} 12. Qc2 Bg7 13. h3 Nf8 14. Be3 {½-½ (27) Braggaar,P (1987)-Halfhide,S Leiden 2013}) 12... Bg7 13. Rae1 Nf8 14. h3 Ne6 15. Bh6 Qd6 16. Bb1 Bd7 17. Be3 h5 18. Nf4 Nxf4 {The position is equal.} 19. Bxf4 Qf8 20. Be5 {With the idea f4.} h4 21. Qf4 {Accuracy: White = 53%, Black = 81%.} 1/2-1/2